Boston vs Dallas - Statistiques

Statistiques générales
  • Ce quiz a été pris 68 fois
    17 depuis la dernière actualisation
  • Le résultat moyen est 10 sur 15
Statistiques - réponses
Question Réponse % Correct
Se situe sur la côte Boston
100%
Est directement capitale d'un état américain Boston
92%
L'entrepreneur milliardaire Mark Cuban y réside Dallas
92%
Plano (ville) se situe dans sa banlieue Dallas
85%
Fut le site d'une bataille de la guerre d'indépendance américaine Boston
77%
Se situe à l'Est du Mississippi (fleuve) Boston
69%
Possède un aéroport nommé "Love Field" Dallas
69%
L'aire urbaine possède au moins une équipe pour les quatre principaux sports: MLB (baseball), NBA (basket-ball), NFL (football américain) et NHL (hockey sur glace) Les deux
69%
A été fondé au XVIIe (17e) siècle Boston
62%
Dont la zone métropolitaine est connue comme le "Métroplex" Dallas
62%
Le film "Ted" y a été tourné Boston
54%
Peuplée de plus de 1 000 000 d'habitants (uniquement la ville) Dallas
46%
"Wicked", désigne "méchant", est usité couramment dans l'argot local Boston
31%
Desservie par l'autoroute Interstate-45 Dallas
31%
Fortement associée au président John F. Kennedy Les deux
15%
Aucun quiz correspondant
Distribution des résultats
% des personnes avec chaque résultat
Percentile par nombre de réponses
Votre historique - résultats
Vous n’avez pas pris ce quiz depuis la dernière actualisation